Walking into a minefield (Record no. 118019)

MARC details
000 -LEADER
fixed length control field 01145cam a2200265 4500
001 - CONTROL NUMBER
control field ABS68182
008 - FIXED-LENGTH DATA ELEMENTS--GENERAL INFORMATION
fixed length control field 040920n2004 000 0 eng u
035 ## - SYSTEM CONTROL NUMBER
System control number (Sirsi) u127459
100 ## - MAIN ENTRY--PERSONAL NAME
Personal name Tasker, J.
245 ## - TITLE STATEMENT
Title Walking into a minefield
260 ## - PUBLICATION, DISTRIBUTION, ETC.
Date of publication, distribution, etc. 2004
490 ## - SERIES STATEMENT
Series statement Farmers' Weekly
Volume/sequential designation 141(12) 17 September 2004, 16-17(2)
520 ## - SUMMARY, ETC.
Summary, etc. Assesses the problems that could arise over the new right to roam legislation. The Countryside and Rights of Way Act 2000 is not comprehensive with some types of land exempt and restrictions at certain times of year. The article looks at how farmers may be affected, what type of land is exempt, what activities are allowed or banned and when access land can be closed or must be open. Also looks at the liability of the landowner for accidents on the land.
590 ## - LOCAL NOTE (RLIN)
Local note ABS
590 ## - LOCAL NOTE (RLIN)
Local note ABS
650 ## - SUBJECT ADDED ENTRY--TOPICAL TERM
Topical term or geographic name entry element COUNTRYSIDE AND RIGHTS OF WAY ACT 2000
650 ## - SUBJECT ADDED ENTRY--TOPICAL TERM
Topical term or geographic name entry element RIGHT TO ROAM
650 ## - SUBJECT ADDED ENTRY--TOPICAL TERM
Topical term or geographic name entry element OPEN ACCESS
650 ## - SUBJECT ADDED ENTRY--TOPICAL TERM
Topical term or geographic name entry element OPEN COUNTRYSIDE
650 ## - SUBJECT ADDED ENTRY--TOPICAL TERM
Topical term or geographic name entry element FARMLAND
650 ## - SUBJECT ADDED ENTRY--TOPICAL TERM
Topical term or geographic name entry element LANDOWNERS
650 ## - SUBJECT ADDED ENTRY--TOPICAL TERM
Topical term or geographic name entry element LIABILITY
690 ## - LOCAL SUBJECT ADDED ENTRY--TOPICAL TERM (OCLC, RLIN)
Topical term or geographic name as entry element BOUNDARIES, PARTY WALLS AND EASEMENTS-RIGHTS OF WAY
942 ## - ADDED ENTRY ELEMENTS (KOHA)
Suppress in OPAC 0
Holdings
Withdrawn status Lost status Source of classification or shelving scheme Damaged status Not for loan Home library Current library Shelving location Date acquired Total Checkouts Full call number Barcode Date last seen Copy number Price effective from Koha item type
    Dewey Decimal Classification     London London Journal article 20/09/2004   ABS68182 127459-1001 06/08/2019 1 06/08/2019 Journal article